đź“– 150 premiers mots "L'esclave du tapis" Selden - Statistiques

Statistiques générales
  • Ce quiz a Ă©tĂ© pris 40 fois
  • Le rĂ©sultat moyen est 68 sur 150
Statistiques - réponses
Mots % Correct
Lucie
97%
Rose
94%
l'
90%
n'
90%
Sam
90%
Sam.
90%
Ă 
87%
C'
87%
c'
87%
Doulé.
87%
d'
77%
le
77%
la
74%
de
68%
en
65%
Il
65%
il
65%
ne
65%
est
61%
Et,
61%
et
61%
Et
61%
Je
61%
je
61%
les
61%
les ...
61%
oĂą
61%
qu'
61%
ils
58%
pour
58%
que
58%
qui
58%
une
58%
ce
55%
du
55%
moi
55%
nous
55%
Nous
55%
se
55%
son
55%
Elles
52%
mais
52%
ont
52%
avoir
48%
lui.
48%
plus
48%
dans
45%
dit
45%
sont
45%
suis
45%
avons
42%
grands
42%
sous
42%
aussi
39%
leur
39%
toutes
39%
"Quand
35%
moins
32%
passé.
32%
rien
32%
bien
29%
mĂŞme
29%
trop
29%
après
26%
Encore
26%
nez.
26%
passait
26%
autres,
23%
juste
23%
train
23%
commence
16%
content
16%
entendu,
16%
eues,
13%
idée
13%
Maître
13%
moment
13%
oubli."
13%
personne.
13%
assez
10%
aucun
10%
côté
10%
oublier
10%
oui,
10%
peuvent
10%
Tante
10%
travaillait
10%
certains
6%
chez
6%
désolé
6%
douté
6%
sombrer
6%
époque
3%
exploits
3%
floue
3%
humain
3%
humain,
3%
magie,
3%
Magie,
3%
naturel
3%
rappeler.
3%
suppose
3%
tiennent
3%
détails.
0%
émotions
0%
emporter
0%
reconnaître,
0%
Aucun quiz correspondant
Distribution des résultats
% des personnes avec chaque résultat
Percentile par nombre de réponses
Votre historique - résultats
Vous n’avez pas pris ce quiz